000
00348nam a2200145Ia 4500
008
240624s9999 xx 000 0 und d
041
_a
eng
082
_a
339 DOR
100
_a
DORNBUSCH RUDIGER
245
_a
MACROECONOMICS
250
_a
(9th ed.)
260
_c
2004
_a
New Delhi
_b
Tata McGrawhill
300
_a
xxii, : 613 : cm. ; 24
365
_c
RS
999
_c
4179
_d
4179